[Event "24th ch-EUR Indiv w 2024"]
[Site "Rhodes GRE"]
[Date "2024.04.20"]
[Round "2.71"]
[White "Harmsen, Jessica"]
[Black "Gajcin, Jasmina"]
[Result "1/2-1/2"]
[WhiteTitle "WIM"]
[BlackTitle "WCM"]
[WhiteElo "2102"]
[BlackElo "1908"]
[WhiteFideId "1001612"]
[BlackFideId "939030"]
[EventDate "2024.04.19"]

1. e4 c5 2. Nc3 Nc6 3. g3 g6 4. Bg2 Bg7 5. d3 d6 6. Be3 e6 7. Qd2 Rb8 8. Nge2
Nd4 9. O-O b5 10. a3 Ne7 11. Nd1 Nec6 12. Nc1 Ne5 13. f3 O-O 14. c3 Ndc6 15. Nf2
Nd7 16. Bh6 e5 17. Bxg7 Kxg7 18. Ne2 Nb6 19. f4 f6 20. Rad1 Qe7 21. Qe3 b4 22.
axb4 cxb4 23. h4 Na4 24. Rb1 bxc3 25. bxc3 Bd7 26. d4 Na5 27. dxe5 dxe5 28. Rxb8
Rxb8 29. Qxa7 Rb2 30. Rd1 Nc5 31. Qxa5 Rxe2 32. Rd5 Ne6 33. Qa7 Nf8 34. Bf1 Re1
35. Ra5 exf4 36. Nd3 Rxe4 37. Nc5 Re1 38. Nxd7 Qxd7 39. Qxd7+ Nxd7 40. Ra7 Rd1
41. gxf4 Kf7 42. Kf2 Ke6 43. Bb5 Kd5 1/2-1/2

[Event "24th ch-EUR Indiv w 2024"]
[Site "Rhodes GRE"]
[Date "2024.04.20"]
[Round "2.73"]
[White "Guillo Longares, Cecilia"]
[Black "Golsta, Ramona"]
[Result "0-1"]
[WhiteTitle "WFM"]
[WhiteElo "2101"]
[BlackElo "1867"]
[WhiteFideId "32082681"]
[BlackFideId "11607394"]
[EventDate "2024.04.19"]

1. d4 d5 2. c4 e6 3. Nc3 c5 4. cxd5 exd5 5. Nf3 Nc6 6. g3 Nf6 7. Bg2 Be7 8. O-O
O-O 9. Bg5 cxd4 10. Nxd4 h6 11. Be3 Re8 12. Rc1 Bf8 13. Qc2 Ne5 14. Ncb5 Nc4 15.
Bf4 g5 16. Bc7 Qe7 17. Bxd5 Nxd5 18. Qxc4 Qe4 19. Qd3 a6 20. Nd6 Bxd6 21. Bxd6
Qxd3 22. exd3 Bh3 23. Rfd1 Rad8 24. Bc5 b6 25. Ba3 Nf4 26. gxf4 Rxd4 27. Rc6
Rxf4 28. Bd6 Rd4 29. Rxb6 Rxd3 30. Rc1 Rd8 31. Rxa6 R8xd6 32. Ra8+ Kg7 33. f4
Rd2 34. Ra3 g4 35. b4 Rg2+ 36. Kh1 Rdd2 37. Rg3 Rxh2+ 38. Kg1 Rxa2 39. Rb1 Rhb2
40. Rb3 Rg2+ 41. Kh1 Rh2+ 42. Kg1 Rag2+ 0-1

[Event "24th ch-EUR Indiv w 2024"]
[Site "Rhodes GRE"]
[Date "2024.04.20"]
[Round "2.74"]
[White "Chasouraki, Chrysi"]
[Black "Orian, Noga"]
[Result "0-1"]
[BlackTitle "WFM"]
[WhiteElo "1827"]
[BlackElo "2099"]
[WhiteFideId "25861123"]
[BlackFideId "2836475"]
[EventDate "2024.04.19"]

1. e4 c5 2. Nf3 d6 3. d4 cxd4 4. Nxd4 Nf6 5. Nc3 a6 6. Bg5 Nbd7 7. Bc4 Qb6 8.
Bb3 e6 9. Bxf6 Nxf6 10. Qd2 Be7 11. O-O-O O-O 12. f4 Qc7 13. f5 e5 14. Nf3 b5
15. a3 Bb7 16. Rde1 Rac8 17. g4 d5 18. Nxd5 Bxd5 19. exd5 e4 20. Nd4 Bd6 21. Kb1
h6 22. Reg1 Bf4 23. Qf2 Rfe8 24. Ne2 Bd2 25. h4 Qe5 26. g5 Nxd5 27. Bxd5 Qxd5
28. gxh6 Bxh6 29. Nc3 e3 30. Qf1 Qe5 31. f6 e2 32. Qf2 Re6 33. fxg7 Be3 34. Qxe2
Bxg1 35. Qxe5 Rxe5 36. Rxg1 Rc4 37. Rh1 Kxg7 38. h5 Kh6 39. Rf1 f5 40. Kc1 Kxh5
41. Nd1 Rce4 42. Rh1+ Kg5 43. Rg1+ Kf6 44. Rg8 Rd4 45. c3 Rd7 46. Rg1 Re2 47.
Rh1 Rd3 48. Rh6+ Kg5 49. Rxa6 Re1 0-1

[Event "24th ch-EUR Indiv w 2024"]
[Site "Rhodes GRE"]
[Date "2024.04.20"]
[Round "2.75"]
[White "Revelioti, Eleni Nefeli"]
[Black "Abdinova, Narmin"]
[Result "0-1"]
[WhiteElo "1652"]
[BlackElo "2087"]
[WhiteFideId "42168090"]
[BlackFideId "13425340"]
[EventDate "2024.04.19"]

1. e4 e5 2. Nf3 Nc6 3. Nc3 Nf6 4. Bc4 Bc5 5. d3 h6 6. Be3 Bb6 7. Bxb6 axb6 8.
O-O d6 9. h3 O-O 10. d4 exd4 11. Nxd4 Re8 12. Nxc6 bxc6 13. Re1 b5 14. Bd3 Nd7
15. a3 Qf6 16. Re3 Nc5 17. Re1 Re5 18. b4 Ne6 19. Re3 Rg5 20. Ne2 Bd7 21. Qc1 d5
22. Ng3 Nf4 23. Rf3 Nxd3 24. cxd3 Qe5 25. Re3 Rg6 26. Ra2 h5 27. h4 Rg4 28. Rd2
d4 29. Re1 Rxh4 30. Rc2 g6 31. Rc5 Qe7 32. e5 Kg7 33. Rc2 Rg4 34. Rce2 c5 35.
bxc5 Bc6 36. Ra2 h4 37. Qd1 Qe6 38. Nf5+ gxf5 39. f3 Qxa2 40. Re2 Bxf3 41. Rxa2
Bxd1 42. Kf1 0-1

[Event "24th ch-EUR Indiv w 2024"]
[Site "Rhodes GRE"]
[Date "2024.04.20"]
[Round "2.76"]
[White "Kochavi, Dana"]
[Black "Alexandri, Vasiliki"]
[Result "1-0"]
[WhiteTitle "WFM"]
[WhiteElo "2084"]
[BlackElo "1859"]
[WhiteFideId "2837137"]
[BlackFideId "42103606"]
[EventDate "2024.04.19"]

1. e4 e5 2. Nf3 Nc6 3. Bb5 a6 4. Ba4 Nf6 5. O-O Be7 6. Re1 b5 7. Bb3 d6 8. a4
Bd7 9. c3 O-O 10. d4 Bg4 11. d5 Na5 12. Bc2 c6 13. dxc6 b4 14. h3 Be6 15. Ng5
Bc8 16. Be3 Nxc6 17. Qe2 h6 18. Nf3 Be6 19. c4 Qc7 20. Nbd2 Nd7 21. b3 Nc5 22.
Nf1 Bf6 23. Red1 Rfd8 24. g4 g5 25. Ng3 Ne7 26. Nf5 Bxf5 27. gxf5 Qb7 28. Bc1
Nc6 29. Bb2 Kh7 30. Kh2 Qe7 31. Qe3 Rg8 32. Rg1 Rg7 33. Rad1 Rag8 34. Qd2 Rd8
35. Qd5 Qc7 36. Kh1 Ne7 37. Qd2 Nc6 38. Nh2 Qe7 39. Ng4 a5 40. Ne3 Rd7 41. Nd5
Qd8 42. Rg2 Be7 43. f4 f6 44. fxg5 Rxg5 45. Rdg1 Bf8 46. Rxg5 fxg5 47. Qd1 Rg7
48. Qh5 Be7 49. h4 Nd7 50. Qd1 Nc5 51. Nxe7 Qxe7 52. Qd5 Nd8 53. Rd1 Ndb7 54.
Bc1 g4 55. Kg2 Qf6 56. Rh1 Nd8 57. Bg5 Qf8 58. Be3 Ndb7 59. Rd1 Qf6 60. Kg3 Kh8
61. Qc6 Kh7 62. Bxc5 Nxc5 63. Rxd6 1-0

[Event "24th ch-EUR Indiv w 2024"]
[Site "Rhodes GRE"]
[Date "2024.04.20"]
[Round "2.77"]
[White "Paasikangas, Johanna"]
[Black "Siskou, Evangelia"]
[Result "1-0"]
[WhiteTitle "FM"]
[WhiteElo "2080"]
[BlackElo "1837"]
[WhiteFideId "500879"]
[BlackFideId "42113938"]
[EventDate "2024.04.19"]

1. d4 d5 2. Nf3 Nf6 3. c4 c6 4. Nc3 e6 5. Bg5 Be7 6. e3 h6 7. Bh4 O-O 8. a3 Nbd7
9. Qc2 b6 10. cxd5 cxd5 11. Bd3 Bb7 12. O-O Rc8 13. Qe2 Ne4 14. Bxe7 Qxe7 15.
Na2 Ng5 16. Nd2 e5 17. dxe5 Nxe5 18. Bf5 Ne6 19. Rac1 d4 20. f4 Rxc1 21. Nxc1
Ng6 22. Ndb3 dxe3 23. Bxg6 fxg6 24. Qxe3 Qd6 25. Ne2 Qd5 26. Qg3 Ba6 27. Nbc1
Qc5+ 28. Qf2 Qc2 29. b4 Bc4 30. Qe3 Kh7 31. h3 Nc7 32. Nd4 Qb2 33. Rf2 Qb1 34.
Qc3 b5 35. Qc2 Qa1 36. Nxb5 Nxb5 37. Qxc4 Nxa3 38. Qc5 Rd8 39. Kh2 Rd1 40. Nb3
Rh1+ 41. Kg3 Qb1 42. Nd2 Qd3+ 43. Nf3 Nc4 44. Qd4 Qxd4 45. Nxd4 Rb1 46. Nc6 a5
47. bxa5 Ra1 48. Rc2 Nxa5 49. Nd8 Ra3+ 50. Kg4 Rd3 51. Rc8 h5+ 52. Kh4 g5+ 53.
Kxg5 Rg3+ 54. Kf5 Kg8 55. Ne6+ Kf7 56. Rc7+ Kg8 57. Ng5 Kf8 58. Rc2 Nb3 59. Kg6
Nd4 60. Rf2 h4 61. f5 Ke7 62. Kh5 Ke8 1-0

[Event "24th ch-EUR Indiv w 2024"]
[Site "Rhodes GRE"]
[Date "2024.04.20"]
[Round "2.78"]
[White "Tashkinova, Sofiia"]
[Black "Dereka, Konstantina"]
[Result "1/2-1/2"]
[WhiteElo "2066"]
[BlackElo "1821"]
[WhiteFideId "14188309"]
[BlackFideId "25837435"]
[EventDate "2024.04.19"]

1. e4 c5 2. Nf3 e6 3. d4 cxd4 4. Nxd4 Nc6 5. Nc3 Qc7 6. g3 a6 7. Bg2 b5 8. O-O
Bb7 9. a3 Nf6 10. Bg5 Be7 11. Nde2 h6 12. Bf4 d6 13. Qd2 O-O 14. Rad1 Rad8 15.
Rfe1 Ne5 16. b3 Ng6 17. Qd3 Qb8 18. Bc1 d5 19. exd5 Nxd5 20. Nxd5 Bxd5 21. Bxd5
Rxd5 22. Qe4 Rfd8 23. Nc3 Re5 24. Qf3 Rxe1+ 25. Rxe1 Qc7 26. Bb2 Bf6 27. h4 Ne5
28. Qe4 Rd4 29. Qa8+ Rd8 30. Qe4 Rd4 31. Qa8+ Rd8 32. Qe4 1/2-1/2

[Event "24th ch-EUR Indiv w 2024"]
[Site "Rhodes GRE"]
[Date "2024.04.20"]
[Round "2.79"]
[White "Popadyuk, Olga"]
[Black "Stojkovska, Monika"]
[Result "0-1"]
[BlackTitle "WFM"]
[WhiteElo "1633"]
[BlackElo "2057"]
[WhiteFideId "14176246"]
[BlackFideId "15002594"]
[EventDate "2024.04.19"]

1. d4 Nf6 2. Bf4 e6 3. Nf3 d5 4. e3 Bd6 5. Bg3 O-O 6. Nbd2 c5 7. c3 Qc7 8. Ne5
c4 9. Qc2 Nc6 10. f4 Ne7 11. Be2 b5 12. h4 Bb7 13. h5 Ne4 14. Bf2 f6 15. h6 g6
16. Ng4 Nf5 17. Bf3 Qc6 18. Bh4 Be7 19. Bf2 b4 20. O-O-O Nxf2 21. Nxf2 Nxe3 22.
Qb1 bxc3 23. Rde1 cxd2+ 24. Kxd2 Nf5 25. a3 Nxd4 26. Kc3 Nxf3 27. gxf3 f5 28.
Kd2 Qb6 29. Ke2 d4 30. Reg1 d3+ 31. Kf1 Bxf3 32. Rh3 Be2+ 33. Kg2 Bc5 34. Nxd3
Bxd3 35. Qe1 Be4+ 0-1

[Event "24th ch-EUR Indiv w 2024"]
[Site "Rhodes GRE"]
[Date "2024.04.20"]
[Round "2.80"]
[White "Jimenez Fernandez, Rebeca"]
[Black "Saraci, Ndriqona"]
[Result "1-0"]
[WhiteTitle "WFM"]
[BlackTitle "WCM"]
[WhiteElo "2055"]
[BlackElo "1660"]
[WhiteFideId "32070934"]
[BlackFideId "969095"]
[EventDate "2024.04.19"]

1. e4 d5 2. exd5 Qxd5 3. Nc3 Qa5 4. d4 Nf6 5. Nf3 c6 6. Bd2 Qc7 7. Bc4 Bg4 8. h3
Bxf3 9. Qxf3 e6 10. O-O-O Nbd7 11. g4 Bb4 12. Rhe1 Bxc3 13. Qxc3 O-O-O 14. g5
Nd5 15. Bxd5 cxd5 16. Qf3 Nb6 17. Bf4 Qe7 18. Qc3+ Kd7 19. Qa5 Ra8 20. Qb5+ Kd8
21. Re3 Qd7 22. Qb4 Qa4 23. Qd6+ Qd7 24. Qb4 Qa4 25. Qd6+ Qd7 26. Qe5 Rg8 27.
Rc3 Rc8 28. Rxc8+ Nxc8 29. Rd3 Ke7 30. Rc3 Nd6 31. Rc5 Nc4 32. Qe1 Rc8 33. Qb4
Rxc5 34. Qxc5+ Nd6 35. Qxa7 Qb5 36. b3 Qf1+ 37. Kb2 Qxf2 38. Bxd6+ Kxd6 39. Qb6+
Kd7 40. Qxb7+ Kd8 41. Qb6+ Kd7 42. a4 e5 43. Qb7+ Ke6 44. Qc6+ Kf5 45. Qxd5 Kxg5
46. Qxe5+ Kh4 47. a5 Kxh3 48. a6 f6 49. Qd5 g5 50. a7 g4 51. a8=Q g3 52. Qh5# 1-0

[Event "24th ch-EUR Indiv w 2024"]
[Site "Rhodes GRE"]
[Date "2024.04.20"]
[Round "2.81"]
[White "Zvereva, Marija"]
[Black "Recica, Jona"]
[Result "1-0"]
[WhiteTitle "WIM"]
[WhiteElo "2049"]
[BlackElo "1641"]
[WhiteFideId "4121082"]
[BlackFideId "22105239"]
[EventDate "2024.04.19"]

1. e4 e5 2. d4 exd4 3. Qxd4 Nc6 4. Qe3 b6 5. Nc3 Bc5 6. Qg3 Bd4 7. Bc4 Qe7 8.
Nge2 Be5 9. f4 Bxc3+ 10. Nxc3 f5 11. Be3 Nf6 12. e5 Ne4 13. Nxe4 fxe4 14. O-O-O
Bb7 15. Bd5 Na5 16. Bxb7 Nxb7 17. f5 h6 18. Qg6+ Kd8 19. f6 gxf6 20. exf6 Qe8
21. f7 Qe7 22. Bxh6 Rxh6 23. Qg8+ 1-0

[Event "24th ch-EUR Indiv w 2024"]
[Site "Rhodes GRE"]
[Date "2024.04.20"]
[Round "2.82"]
[White "Korinioti, Myrto"]
[Black "Pirvulescu, Ekaterina"]
[Result "0-1"]
[BlackTitle "WFM"]
[WhiteElo "1457"]
[BlackElo "2044"]
[WhiteFideId "42153743"]
[BlackFideId "13506374"]
[EventDate "2024.04.19"]

1. e4 c5 2. Nf3 e6 3. c3 d5 4. e5 d4 5. Bd3 Bd7 6. O-O Nc6 7. Re1 Nge7 8. Na3
Ng6 9. Nc2 dxc3 10. dxc3 Be7 11. Qe2 Qc7 12. Bd2 a6 13. Rad1 b5 14. b3 O-O 15.
c4 b4 16. Bc1 a5 17. a4 Rad8 18. Bb2 Nf4 19. Qe4 Nxd3 20. Rxd3 Bc8 21. Qe2 Rxd3
22. Qxd3 Rd8 23. Qe2 Qd7 24. Ne3 Qd3 25. Qc2 Qxc2 26. Nxc2 g5 27. h3 Kg7 28. Kf1
h5 29. Ke2 Bb7 30. Rd1 Kg6 31. Ne3 Rxd1 32. Kxd1 Bd8 33. Ke2 Bc7 34. g4 h4 35.
Ng2 Nd4+ 36. Bxd4 cxd4 37. Nge1 f5 38. exf6 Kxf6 39. Nxd4 Bb6 40. Nec2 Bg2 41.
Nf3 Bxh3 42. Nh2 Bc7 43. Nf1 Bxg4+ 44. f3 Bf5 45. Nd4 Bb6 46. Nxf5 exf5 47. Ne3
Ke5 48. Nf1 Kf4 49. Nh2 g4 50. fxg4 fxg4 51. Kf1 h3 52. Ke1 g3 53. Nf1 g2 0-1

[Event "24th ch-EUR Indiv w 2024"]
[Site "Rhodes GRE"]
[Date "2024.04.20"]
[Round "2.83"]
[White "Rzali, Sabina"]
[Black "Kaka, Rengina Tsampika"]
[Result "1-0"]
[WhiteTitle "WCM"]
[WhiteElo "2039"]
[BlackElo "1480"]
[WhiteFideId "13410920"]
[BlackFideId "42153794"]
[EventDate "2024.04.19"]

1. e4 d5 2. exd5 Qxd5 3. Nc3 Qa5 4. d4 Nf6 5. Bc4 Bf5 6. Nf3 e6 7. Bd2 c6 8. h3
Bb4 9. O-O O-O 10. a3 Bxc3 11. Bxc3 Qc7 12. b4 Nbd7 13. Re1 Nb6 14. Bb3 Nbd5 15.
Bb2 Rfe8 16. Ne5 Nd7 17. Nc4 N7b6 18. Ne3 Bg6 19. h4 h6 20. h5 Bh7 21. g3 Rad8
22. Qf3 Qe7 23. c4 Nf6 24. Rad1 Be4 25. Qe2 Rd7 26. f3 Bh7 27. g4 Red8 28. Ng2
Nc8 29. Qe3 b6 30. g5 hxg5 31. Qxg5 Ne8 32. Qg4 Bf5 33. Qg3 Nf6 34. Nf4 b5 35.
cxb5 cxb5 36. d5 Qd6 37. Bxf6 1-0

[Event "24th ch-EUR Indiv w 2024"]
[Site "Rhodes GRE"]
[Date "2024.04.20"]
[Round "2.87"]
[White "Lamprianou, Marianna"]
[Black "Makka, Ioulia"]
[Result "0-1"]
[BlackTitle "WIM"]
[WhiteElo "1462"]
[BlackElo "1983"]
[WhiteFideId "42153697"]
[BlackFideId "4205316"]
[EventDate "2024.04.19"]

1. e4 d6 2. d4 g6 3. Nf3 Bg7 4. Bc4 e6 5. Nc3 Ne7 6. d5 e5 7. O-O O-O 8. Be3 h6
9. Qd2 Kh7 10. Rfe1 f5 11. Qd3 f4 12. Bd2 Nd7 13. h3 g5 14. Qe2 Nf6 15. g4 fxg3
16. fxg3 Bxh3 17. Bxg5 Qd7 18. Nh2 hxg5 19. Bb5 Qc8 20. Rad1 a6 21. Bd3 Bh6 22.
Qf3 Ng4 23. Qe2 Rf2 24. Qxf2 Nxf2 25. Kxf2 g4 26. Rh1 Qb8 27. Ke1 Qa7 28. Ne2
Rf8 29. Rd2 Qe3 30. Rd1 Qf2# 0-1

[Event "24th ch-EUR Indiv w 2024"]
[Site "Rhodes GRE"]
[Date "2024.04.20"]
[Round "2.88"]
[White "Kakulidis, Ellen"]
[Black "Sanchez Ruiz, Piedad Esmeralda"]
[Result "1-0"]
[WhiteTitle "WFM"]
[WhiteElo "2062"]
[BlackElo "1806"]
[WhiteFideId "1444972"]
[BlackFideId "2286912"]
[EventDate "2024.04.19"]

1. d4 d5 2. c4 e6 3. Nf3 Nf6 4. g3 c5 5. cxd5 exd5 6. Bg2 c4 7. O-O Nc6 8. b3
cxb3 9. Qxb3 Na5 10. Qd3 Be7 11. Bf4 O-O 12. Rc1 Nc6 13. Ne5 Nh5 14. Nxc6 bxc6
15. Bd2 Qd6 16. e4 Be6 17. e5 Qd7 18. Bf3 g6 19. Bxh5 gxh5 20. Bh6 Rfc8 21. Qe3
Bf5 22. Nd2 Bg6 23. Nb3 Rab8 24. Bg5 Qd8 25. Bxe7 Qxe7 26. Rc3 Ra8 27. Rac1 a5
28. Rxc6 Rd8 29. Rc7 1-0

[Event "24th ch-EUR Indiv w 2024"]
[Site "Rhodes GRE"]
[Date "2024.04.21"]
[Round "3.1"]
[White "Kulon, Klaudia"]
[Black "Osmak, Yuliia"]
[Result "1-0"]
[WhiteTitle "IM"]
[BlackTitle "IM"]
[WhiteElo "2348"]
[BlackElo "2459"]
[WhiteFideId "1131044"]
[BlackFideId "14101602"]
[EventDate "2024.04.19"]

1. e4 e5 2. Nf3 Nc6 3. d4 exd4 4. Nxd4 Qf6 5. Be3 Bc5 6. c3 Nge7 7. Bc4 O-O 8.
O-O Ng6 9. f4 d6 10. Kh1 Bd7 11. b4 Bb6 12. b5 Na5 13. Be2 c5 14. Nc2 a6 15. a4
Rfe8 16. f5 Ne5 17. Nba3 axb5 18. axb5 Bd8 19. Bf4 Be7 20. Ne3 Bf8 21. Nd5 Qd8
22. c4 Be7 23. Bxe5 dxe5 24. Nb1 Bg5 25. Ra3 f6 26. Nbc3 Bc6 27. h4 Bxd5 28.
Qxd5+ Qxd5 29. Nxd5 Bxh4 30. Rfa1 b6 31. Nxb6 Rab8 32. Nd7 Rbd8 33. Nxc5 Rd2 34.
Rxa5 Rxe2 35. b6 Re1+ 36. Rxe1 Bxe1 37. Rb5 Bf2 38. b7 1-0

[Event "24th ch-EUR Indiv w 2024"]
[Site "Rhodes GRE"]
[Date "2024.04.21"]
[Round "3.2"]
[White "Javakhishvili, Lela"]
[Black "Sliwicka, Alicja"]
[Result "1/2-1/2"]
[WhiteTitle "IM"]
[BlackTitle "WIM"]
[WhiteElo "2447"]
[BlackElo "2315"]
[WhiteFideId "13601458"]
[BlackFideId "1150677"]
[EventDate "2024.04.19"]

1. d4 d5 2. c4 e6 3. Nc3 Nf6 4. Nf3 dxc4 5. e4 b5 6. e5 Nd5 7. Nxb5 Nb6 8. Be2
Nc6 9. O-O Be7 10. Be3 O-O 11. Nc3 Bb7 12. Na4 Nb4 13. Nxb6 cxb6 14. Bxc4 Rc8
15. Qe2 b5 16. Bb3 Qd7 17. a3 Nd5 18. Bd2 Nb6 19. Rad1 Nc4 20. Bc1 Rfd8 21. Ng5
Qc6 22. Qg4 h6 23. Nf3 Qe4 24. Qg3 Kf8 25. Rfe1 Qf5 26. d5 Rxd5 27. Rxd5 Bxd5
28. Nd4 Qh5 29. Nxb5 Bh4 30. Qh3 Ba8 31. Nc3 Qg6 32. Bd1 Be7 33. Bf3 Qc2 34.
Bxa8 Rxa8 35. Qf3 Rd8 36. Qe4 Nxa3 37. g3 Qxe4 38. Rxe4 Nb1 39. Be3 Nxc3 40.
bxc3 Rc8 41. Ra4 Rxc3 42. Rxa7 Rc8 43. h4 1/2-1/2

[Event "24th ch-EUR Indiv w 2024"]
[Site "Rhodes GRE"]
[Date "2024.04.21"]
[Round "3.3"]
[White "Mammadzada, Gunay"]
[Black "Babiy, Olga"]
[Result "1/2-1/2"]
[WhiteTitle "IM"]
[BlackTitle "WGM"]
[WhiteElo "2436"]
[BlackElo "2306"]
[WhiteFideId "13403729"]
[BlackFideId "14117258"]
[EventDate "2024.04.19"]

1. e4 c5 2. Nf3 e6 3. d4 cxd4 4. Nxd4 Nf6 5. Nc3 Nc6 6. Ndb5 Bb4 7. a3 Bxc3+ 8.
Nxc3 d5 9. Bd3 dxe4 10. Nxe4 Nxe4 11. Bxe4 Qxd1+ 12. Kxd1 Bd7 13. Be3 f5 14. Bd3
Ne5 15. Be2 Ng4 16. Bxg4 fxg4 17. Re1 O-O 18. Kc1 Bc6 19. Bd4 Bxg2 20. Rxe6 Rae8
21. Rxe8 Rxe8 22. Kd2 a6 23. Re1 Rxe1 24. Kxe1 Kf7 25. Kd2 1/2-1/2

[Event "24th ch-EUR Indiv w 2024"]
[Site "Rhodes GRE"]
[Date "2024.04.21"]
[Round "3.4"]
[White "Rakhmangulova, Anastasiya"]
[Black "Ushenina, Anna"]
[Result "1/2-1/2"]
[WhiteTitle "WGM"]
[BlackTitle "GM"]
[WhiteElo "2324"]
[BlackElo "2418"]
[WhiteFideId "14117479"]
[BlackFideId "14110911"]
[EventDate "2024.04.19"]

1. e4 c5 2. Nf3 Nf6 3. e5 Nd5 4. Nc3 e6 5. Nxd5 exd5 6. d4 Nc6 7. dxc5 Bxc5 8.
Bd3 d6 9. exd6 O-O 10. O-O Bxd6 11. h3 Qf6 12. c3 h6 13. Re1 Bf5 14. Bxf5 Qxf5
15. Nd4 Nxd4 16. Qxd4 Rfe8 17. Rxe8+ Rxe8 18. Be3 a6 19. Rd1 1/2-1/2

[Event "24th ch-EUR Indiv w 2024"]
[Site "Rhodes GRE"]
[Date "2024.04.21"]
[Round "3.5"]
[White "Antolak, Julia"]
[Black "Beydullayeva, Govhar"]
[Result "1/2-1/2"]
[WhiteTitle "WGM"]
[BlackTitle "WGM"]
[WhiteElo "2309"]
[BlackElo "2402"]
[WhiteFideId "1159569"]
[BlackFideId "13413015"]
[EventDate "2024.04.19"]

1. d4 Nf6 2. c4 e6 3. Nc3 Bb4 4. Nf3 O-O 5. Bg5 c5 6. Rc1 h6 7. Bh4 cxd4 8. Nxd4
d5 9. cxd5 g5 10. Bg3 Qxd5 11. a3 Bxc3+ 12. Rxc3 e5 13. Nc2 Qxd1+ 14. Kxd1 Ne4
15. Re3 Bf5 16. f3 Nxg3 17. hxg3 Rd8+ 18. Kc1 Nc6 19. Rc3 Bxc2 20. Kxc2 Nd4+ 21.
Kc1 Rac8 22. e4 Kg7 23. Kb1 Kg6 24. g4 f6 25. Bc4 b5 26. Bd5 Rxc3 27. bxc3 Ne2
28. Kb2 Rc8 29. Be6 Rc7 30. Bb3 Rxc3 31. Re1 Re3 32. a4 bxa4 33. Bxa4 a6 34.
Be8+ Kg7 35. Ba4 Kf8 36. Bb3 a5 37. Bc4 Nc3 38. Ra1 Ne2 39. Re1 Nc3 40. Ra1 Ne2
41. Re1 1/2-1/2

[Event "24th ch-EUR Indiv w 2024"]
[Site "Rhodes GRE"]
[Date "2024.04.21"]
[Round "3.6"]
[White "Narva, Mai"]
[Black "Toncheva, Nadya"]
[Result "1-0"]
[WhiteTitle "IM"]
[BlackTitle "FM"]
[WhiteElo "2401"]
[BlackElo "2258"]
[WhiteFideId "4500512"]
[BlackFideId "2924056"]
[EventDate "2024.04.19"]

1. e4 c5 2. Nf3 e6 3. d4 cxd4 4. Nxd4 Nc6 5. Nc3 Qc7 6. Be3 a6 7. a3 b5 8. Nxc6
Qxc6 9. h4 Bb7 10. h5 h6 11. Qd2 b4 12. axb4 Bxb4 13. Qd4 Bxc3+ 14. bxc3 Nf6 15.
e5 Nd5 16. Bd2 Ne7 17. Rh3 Nf5 18. Qf4 Qe4+ 19. Qxe4 Bxe4 20. Kd1 a5 21. g4 Ne7
22. Bb5 O-O 23. Ra4 Rab8 24. c4 Rfc8 25. Rb3 Rc7 26. Rxa5 Rbc8 27. Ra2 Nc6 28.
f3 Bh7 29. Bc3 Rf8 30. Rba3 f6 31. exf6 gxf6 32. Ra8 e5 33. Kd2 Rxa8 34. Rxa8+
Kg7 35. Ba4 Bg8 36. Bb3 Ne7 37. Bb4 Nc8 38. Kd3 Be6 39. c5 Kf7 40. Ra6 Rc6 41.
Rxc6 dxc6 42. Bxe6+ Kxe6 43. Bd2 Ne7 44. Bxh6 f5 45. Bg5 Kd5 1-0

[Event "24th ch-EUR Indiv w 2024"]
[Site "Rhodes GRE"]
[Date "2024.04.21"]
[Round "3.7"]
[White "Benmesbah, Natacha"]
[Black "Bulmaga, Irina"]
[Result "1-0"]
[WhiteTitle "WIM"]
[BlackTitle "IM"]
[WhiteElo "2306"]
[BlackElo "2394"]
[WhiteFideId "642002"]
[BlackFideId "13903063"]
[EventDate "2024.04.19"]

1. e4 e5 2. Nf3 Nc6 3. Bc4 Nf6 4. d3 Bc5 5. c3 a6 6. O-O d6 7. Bb3 Ba7 8. Nbd2
O-O 9. h3 Be6 10. Re1 Bxb3 11. Qxb3 Qd7 12. Nf1 h6 13. Be3 Bxe3 14. Nxe3 Rfe8
15. a4 b6 16. Nd5 Nxd5 17. Qxd5 a5 18. d4 Rad8 19. Rad1 Ne7 20. Qb5 Qxb5 21.
axb5 Ng6 22. g3 h5 23. Kg2 f6 24. d5 Nf8 25. Ra1 Ra8 26. b3 Nd7 27. Nd2 Nc5 28.
Ra3 Rad8 29. b4 Nb7 30. Rea1 Kf8 31. Nc4 axb4 32. cxb4 Rb8 33. Ra7 Ke7 34. Rc1
Kd7 35. Ne3 g6 36. Rc4 Rec8 37. f4 Nd8 38. h4 Ra8 39. Rcxc7+ Rxc7 40. Rxa8 Rc3
41. Ra7+ Kc8 42. Kf2 exf4 43. gxf4 Rc7 44. Ra8+ Kd7 45. Ra6 Nf7 46. Rxb6 g5 47.
e5 dxe5 48. Rxf6 Nd6 49. fxg5 Ne4+ 50. Kf3 Nxf6 51. gxf6 Rb7 52. Ke4 Rxb5 53.
Kxe5 Rxb4 54. Nf5 Ke8 55. Nd6+ Kd7 56. Ne4 Rb5 57. Ng5 Ra5 58. Nh7 Ke8 59. Ke6
Ra7 60. Ng5 Re7+ 61. Kf5 Rd7 62. Ke5 Ra7 63. f7+ Rxf7 64. Nxf7 Kxf7 65. Ke4 1-0

[Event "24th ch-EUR Indiv w 2024"]
[Site "Rhodes GRE"]
[Date "2024.04.21"]
[Round "3.8"]
[White "Starosta, Martyna"]
[Black "Milliet, Sophie"]
[Result "1/2-1/2"]
[WhiteTitle "WFM"]
[BlackTitle "IM"]
[WhiteElo "2254"]
[BlackElo "2392"]
[WhiteFideId "21818754"]
[BlackFideId "623725"]
[EventDate "2024.04.19"]

1. e4 e5 2. Nf3 Nc6 3. Bb5 a6 4. Ba4 Nge7 5. Nc3 d6 6. O-O h6 7. Nd5 b5 8. Bb3
Na5 9. d4 Ng6 10. Bd2 c6 11. Bxa5 Qxa5 12. Ne3 Qc7 13. a4 Rb8 14. axb5 axb5 15.
Nf5 Nf4 16. Qd2 g6 17. Ne3 Bg7 18. dxe5 dxe5 19. Rfd1 O-O 20. Qd6 Qxd6 21. Rxd6
Ne2+ 22. Kf1 Nd4 23. Nxd4 exd4 24. Nd1 c5 25. Bd5 Bb7 26. Ra7 1/2-1/2

[Event "24th ch-EUR Indiv w 2024"]
[Site "Rhodes GRE"]
[Date "2024.04.21"]
[Round "3.9"]
[White "Kiolbasa, Oliwia"]
[Black "Gajcin, Marina"]
[Result "1/2-1/2"]
[WhiteTitle "IM"]
[BlackTitle "WGM"]
[WhiteElo "2386"]
[BlackElo "2224"]
[WhiteFideId "1154613"]
[BlackFideId "949086"]
[EventDate "2024.04.19"]

1. d4 Nf6 2. c4 e6 3. Nc3 Bb4 4. e3 O-O 5. Bd2 c5 6. Nge2 d5 7. cxd5 exd5 8. a3
Bxc3 9. Bxc3 c4 10. Ng3 Nc6 11. Be2 Be6 12. O-O Rc8 13. Qc2 b5 14. b4 Qe7 15.
Qd2 a6 16. Bd1 Qd7 17. Bc2 Ne7 18. f3 Nf5 19. Ne2 Nd6 20. Nf4 Bf5 21. g4 Bxc2
22. Qxc2 h6 23. Qg2 Rce8 24. Rae1 g5 25. Nh3 Re7 26. Re2 Rfe8 27. Rfe1 Qc6 28.
Nf2 Nc8 29. Nh1 Re6 30. Ng3 Ne7 31. Kf1 Nd7 32. Nf5 Kh7 33. h4 f6 34. Qh3 Ng8
35. Qg3 Nb6 36. Kf2 Na4 37. Rc2 Ne7 38. Qh3 Nxc3 39. Rxc3 Nxf5 40. gxf5 R6e7 41.
Rh1 Qd6 42. Qg4 Rg8 43. Rcc1 a5 44. hxg5 Rxg5 45. Qh3 Reg7 46. Rh2 axb4 47. f4
Rg3 48. Qxh6+ Kg8 49. Qh8+ Kf7 50. Qa8 Qd7 51. axb4 Qxf5 52. Qb7+ Kg6 53. Qxg7+
Kxg7 54. Kxg3 Qd3 55. Kf3 Qe4+ 56. Ke2 Kf7 57. Kf2 Qd3 58. Kf3 Ke6 59. Rh8 Qa3
60. Rg1 Qxb4 61. Rc8 Qe7 62. Rgg8 Kf5 63. Rc5 Qe4+ 64. Kf2 Qc2+ 65. Kf3 Qd1+ 66.
Kf2 b4 67. Re8 c3 68. Rxd5+ Kg6 69. f5+ Kh6 70. Rh8+ Kg7 71. Rdd8 Qc2+ 72. Kg3
Qxf5 73. Rhg8+ Kf7 74. Rgf8+ Kg7 75. Rg8+ Kh7 1/2-1/2